000 00260nam a2200109Ia 4500
001 1275975
005 20260417160438.0
008 260417s9999 xx 000 0 und d
020 _a9786256698130
245 0 _aUfacık
_cNicola Davies
260 _bKetebe Çocuk
999 _c1275975
_d1275975